Foundations of Linux Debugging, Disassembling, and Reversing

-д хадгалсан:
Номзүйн дэлгэрэнгүй
Үндсэн зохиолч: Vostokov
Формат: Ном
Хэвлэсэн: Apress
Шошгууд: Шошго нэмэх
Шошго байхгүй, Энэхүү баримтыг шошголох эхний хүн болох!

MARC

LEADER 00000nam a2200000Ia 4500
005 20260513122049.0
020 |a 9781484291528 
100 |a Vostokov 
365 |c € 
365 |b 28.00 
942 |c BK 
245 |a Foundations of Linux Debugging, Disassembling, and Reversing 
260 |b Apress 
999 |c 7  |d 7 
952 |0 0  |1 0  |4 0  |7 0  |a UNSW  |b UNSW  |d 2026-05-06  |g 54.99  |i 16689  |l 0  |p 000046  |r 2026-05-13 12:20:49  |v 54.99  |w 2026-05-13  |y BK